Premier League Managers since 2010 - Statistics

General Stats
  • This quiz has been taken 36 times
  • The average score is 86 of 164
Answer Stats
Team Years Answer % Correct
Arsenal 1996-2018 Arsene Wenger
100%
Chelsea 2013-2015 Jose Mourinho
100%
Manchester United 2016-2018 Jose Mourinho
100%
Tottenham Hotspur 2019-2021 Jose Mourinho
100%
Manchester United 1986-2013 Alex Ferguson
94%
Everton 2002-2013 David Moyes
91%
Manchester United 2013-2014 David Moyes
91%
Sunderland 2016-2017 David Moyes
91%
West Ham United 2017-2018 David Moyes
91%
West Ham United 2019- David Moyes
91%
Manchester City 2016- Pep Guardiola
91%
Everton 2019 Duncan Ferguson
88%
Liverpool 2015- Jurgen Klopp
88%
Chelsea 2012-2013 Rafael Benitez
88%
Everton 2021- Rafael Benitez
88%
Newcastle United 2016-2019 Rafael Benitez
88%
Chelsea 2016-2018 Antonio Conte
84%
Leicester City 2019- Brendan Rodgers
84%
Liverpool 2012-2015 Brendan Rodgers
84%
Swansea City 2010-2012 Brendan Rodgers
84%
Arsenal 2019- Mikel Arteta
84%
Crystal Palace 2021- Patrick Vieira
84%
Chelsea 2019-2021 Frank Lampard
81%
Southampton 2013-2014 Mauricio Pochettino
81%
Tottenham Hotspur 2014-2019 Mauricio Pochettino
81%
Crystal Palace 2017-2021 Roy Hodgson
81%
Liverpool 2010-2011 Roy Hodgson
81%
West Bromwich Albion 2011-2012 Roy Hodgson
81%
Hull City 2012-2016 Steve Bruce
81%
Newcastle United 2019- Steve Bruce
81%
Sunderland 2009-2011 Steve Bruce
81%
Fulham 2018-2019 Claudio Ranieri
78%
Leicester City 2015-2017 Claudio Ranieri
78%
Watford 2021- Claudio Ranieri
78%
Aston Villa 2018- Dean Smith
78%
Brighton and Hove Albion 2019- Graham Potter
78%
Manchester United 2014-2016 Louis van Gaal
78%
Manchester City 2013-2016 Manuel Pellegrini
78%
West Ham United 2018-2019 Manuel Pellegrini
78%
Manchester City 2009-2013 Roberto Mancini
78%
Chelsea 2009-2011 Carlo Ancelotti
75%
Everton 2019-2021 Carlo Ancelotti
75%
Cardiff City 2014 Ole Gunnar Solskjaer
75%
Manchester United 2018- Ole Gunnar Solskjaer
75%
Burnley 2012- Sean Dyche
75%
Chelsea 2021- Thomas Tuchel
75%
Arsenal 2018-2019 Unai Emery
75%
Bournemouth 2012-2020 Eddie Howe
72%
Tottenham Hotspur 2021- Nuno Espirito Santo
69%
Wolverhampton Wanderers 2017-2021 Nuno Espirito Santo
69%
Chelsea 2018-2019 Maurizio Sarri
66%
Leeds United 2018- Marcelo Bielsa
63%
Chelsea 2012 Roberto Di Matteo
63%
West Bromwich Albion 2009-2011 Roberto di Matteo
63%
Manchester United 2014 Ryan Giggs
63%
Blackburn Rovers 2008-2010 Sam Allardyce
63%
Crystal Palace 2016-2017 Sam Allardyce
63%
Everton 2017-2018 Sam Allardyce
63%
Sunderland 2015-2016 Sam Allardyce
63%
West Bromwich Albion 2020-2021 Sam Allardyce
63%
West Ham United 2011-2015 Sam Allardyce
63%
Fulham 2019-2021 Scott Parker
63%
Crystal Palace 2015-2016 Alan Pardew
59%
Newcastle United 2010-2014 Alan Pardew
59%
West Bromwich Albion 2017-2018 Alan Pardew
59%
Chelsea 2011-2012 Andre Villas-Boas
59%
Tottenham Hotspur 2012-2013 Andre Villas-Boas
59%
Leicester City 2017-2019 Claude Puel
56%
Southampton 2016-2017 Claude Puel
56%
Chelsea 2015-2016 Guus Hiddink
56%
Everton 2013-2016 Roberto Martinez
56%
Wigan Athletic 2009-2013 Roberto Martinez
56%
Everton 2016-2017 Ronald Koeman
56%
Southampton 2014-2016 Ronald Koeman
56%
Norwich City 2017- Daniel Farke
53%
Everton 2018-2019 Marco Silva
53%
Hull City 2017 Marco Silva
53%
Watford 2017-2018 Marco Silva
53%
Fulham 2010-2011 Mark Hughes
53%
Queens Park Rangers 2012 Mark Hughes
53%
Southampton 2018 Mark Hughes
53%
Stoke City 2013-2018 Mark Hughes
53%
Cardiff City 2016-2019 Neil Warnock
53%
Crystal Palace 2014 Neil Warnock
53%
Queens Park Rangers 2010-2012 Neil Warnock
53%
Southampton 2018- Ralph Hasenhuttl
53%
Sheffield United 2016-2021 Chris Wilder
50%
Queens Park Rangers 2012-2015 Harry Redknapp
50%
Tottenham Hotspur 2008-2012 Harry Redknapp
50%
Liverpool 2011-2012 Kenny Dalglish
50%
Leicester City 2011-2015 Nigel Pearson
50%
Watford 2019-2020 Nigel Pearson
50%
Aston Villa 2015 Tim Sherwood
50%
Tottenham Hotspur 2013-2014 Tim Sherwood
50%
Crystal Palace 2013-2014 Tony Pulis
50%
Stoke City 2006-2013 Tony Pulis
50%
West Bromwich Albion 2015-2017 Tony Pulis
50%
Brighton and Hove Albion 2014-2019 Chris Hughton
47%
Newcastle United 2009-2010 Chris Hughton
47%
Norwich City 2012-2014 Chris Hughton
47%
Brentford 2018- Thomas Frank
47%
Wolverhampton Wanderers 2021- Bruno Lage
44%
Huddersfield Town 2015-2019 David Wagner
44%
Tottenham Hotspur 2021 Ryan Mason
44%
West Bromwich Albion 2019-2020 Slaven Bilic
44%
West Ham United 2015-2017 Slaven Bilic
44%
Leicester City 2017 Craig Shakespeare
41%
Crystal Palace 2017 Frank de Boer
41%
Sunderland 2011-2013 Martin O'Neill
41%
Wolverhampton Wanderers 2006-2012 Mick McCarthy
41%
Arsenal 2019 Freddie Ljungberg
38%
Blackpool 2009-2012 Ian Holloway
38%
Crystal Palace 2012-2013 Ian Holloway
38%
Aston Villa 2012-2015 Paul Lambert
38%
Norwich City 2009-2012 Paul Lambert
38%
Stoke City 2018 Paul Lambert
38%
Sunderland 2013 Paulo Di Canio
38%
Watford 2015-2016 Quique Sanchez Flores
38%
Watford 2019 Quique Sanchez Flores
38%
Blackburn Rovers 2010-2012 Steve Kean
38%
Middlesbrough 2013-2017 Aitor Karanka
34%
Sunderland 2015 Dick Advocaat
34%
Southampton 2017-2018 Mauricio Pellegrino
34%
Swansea City 2014-2015 Garry Monk
31%
Sunderland 2013-2015 Gus Poyet
31%
Fulham 2015-2018 Slavisa Jokanovic
31%
Watford 2020-2021 Xisco
31%
Aston Villa 2011-2012 Alex McLeish
28%
Birmingham City 2007-2011 Alex McLeish
28%
Norwich City 2015-2017 Alex Neil
28%
Swansea City 2016 Bob Bradley
28%
Fulham 2011-2013 Martin Jol
28%
Aston Villa 2010-2011 Gerard Houllier
25%
Cardiff City 2011-2013 Malky Mackay
25%
Swansea City 2012-2014 Michael Laudrup
25%
Sheffield United 2021 Paul Heckingbottom
25%
Aston Villa 2015-2016 Remi Garde
25%
Newcastle United 2015-2016 Steve McClaren
25%
West Ham United 2010-2011 Avram Grant
22%
West Bromwich Albion 2018-2019 Darren Moore
22%
Bolton Wanderers 2010-2012 Owen Coyle
22%
West Bromwich Albion 2014 Pepe Mel
22%
Watford 2016-2017 Walter Mazzarri
22%
Newcastle United 2014-2015 John Carver
19%
Reading 2013-2014 Nigel Adkins
19%
Southampton 2010-2013 Nigel Adkins
19%
Reading 2009-2013 Steve McDermott
19%
Wolverhampton Wanderers 2012 Terry Connor
19%
Fulham 2014 Felix Magath
16%
Watford 2018-2019 Javier Gracia
16%
Hull City 2016-2017 Mike Phelan
16%
Norwich City 2014-2015 Neil Adams
16%
Queens Park Rangers 2015 Chris Ramsey
13%
Swansea City 2016 Francesco Guidolin
13%
Swansea City 2017 Paul Clement
13%
Fulham 2013-2014 Rene Meulensteen
13%
West Bromwich Albion 2012-2013 Steve Clarke
13%
Swansea City 2015-2016 Alan Curtis
9%
West Bromwich Albion 2014 Alan Irvine
9%
Swansea City 2017-2018 Carlos Carvalhal
9%
Everton 2017 David Unsworth
9%
Huddersfield Town 2019 Jan Siewert
9%
Middlesbrough 2017 Steve Agnew
6%
West Bromwich Albion 2013-2014 Keith Downing
3%
No matching quizzes found
Score Distribution
Percent of People with Each Score
Percentile by Number Answered
Your Score History
You have not taken this quiz